Dashat Gardi Aur Musliman / (Record no. 525272)

000 -LEADER
fixed length control field 00495nam a22001697a 4500
003 - CONTROL NUMBER IDENTIFIER
control field NUST
038 ## - RECORD CONTENT LICENSOR
Staff Name waseem
082 ## - DEWEY DECIMAL CLASSIFICATION NUMBER
Classification number 303.625
Author Mark ASM
100 ## - MAIN ENTRY--PERSONAL NAME
Personal name Asmae, Sarwat Jamal
9 (RLIN) 16012
245 ## - TITLE STATEMENT
Title Dashat Gardi Aur Musliman /
Statement of responsibility, etc. Sarwat Jamal Asmae
260 ## - PUBLICATION, DISTRIBUTION, ETC.
Place of publication, distribution, etc. Islamabad :
Name of publisher, distributor, etc. Institute of Policy Studies,
Date of publication, distribution, etc. 2008.
300 ## - PHYSICAL DESCRIPTION
Extent 270 p. ;
500 ## - GENERAL NOTE
General note Paperback.
880 ## - ALTERNATE GRAPHIC REPRESENTATION
Linkage 100-01\r
Title ثروت جمال اصمعی
880 ## - ALTERNATE GRAPHIC REPRESENTATION
Linkage 245-02\r
Title دھشت گردی اور مسلمان /
942 ## - ADDED ENTRY ELEMENTS (KOHA)
Source of classification or shelving scheme
Koha item type Book
Holdings
Withdrawn status Lost status Source of classification or shelving scheme Damaged status Not for loan Permanent Location Current Location Shelving location Date acquired Total Checkouts Full call number Barcode Date last seen Price effective from Koha item type
          Central Library (CL) Central Library (CL) Punjabi Literature 06/29/2019   303.625 ASM CL-E-785 06/29/2019 06/29/2019 Book
© 2023 Central Library, National University of Sciences and Technology. All Rights Reserved.